| 000 | 00696nam a22002057a 4500 | ||
|---|---|---|---|
| 999 |
_c8204 _d8204 |
||
| 003 | AR-CdUCM | ||
| 008 | 190322b ||||| |||| 00| 0 spa d | ||
| 040 |
_aMUNICIPALIDAD PROVINCIAL DEL CUSCO _cBIBLIOTECA MUNICIPAL DEL CUSCO |
||
| 082 |
_a530.07 / _bE23 |
||
| 110 |
_aEditorial San Marcos _923120 |
||
| 245 |
_aFísica Siglo XXI : _bTeoría y práctica / |
||
| 260 |
_aLima : _bSan Marcos, _c2006. |
||
| 300 |
_a231 páginas ; _c22 cm. |
||
| 505 | _aContenido : Conceptos básicos - análisis dimensional -- Vectores -- Cinemática -- Estática -- Dinámica ... | ||
| 650 |
_aFisica _92382 |
||
| 650 |
_aEjercicios _919599 |
||
| 650 |
_aModerna _919323 |
||
| 942 |
_2ddc _cLIBROS |
||
| 945 | _arah | ||